[Event "Niederoesterreichische Landesliga 2014/2015"]
[Site "NOE"]
[Date "2015.03.15"]
[Round "10"]
[Board "2"]
[White "Plasil, Jiri"]
[Black "Hofmann, Thomas"]
[Result "1-0"]
[WhiteElo "2120"]
[BlackElo "2195"]
[PlyCount "139"]
[EventDate "2014.10.05"]
[EventType "team"]
[EventRounds "11"]
[EventCountry "AUT"]
[WhiteTeam "Litschau/Eisgarn"]
[BlackTeam "SV Mistelbach"]

1. d4 Nf6 2. Nf3 c5 3. c3 Qa5 4. e3 cxd4 5. exd4 g6 6. Bd3 Bg7 7. O-O
O-O 8. Re1 Re8 9. Nbd2 d6 10. h3 Nbd7 11. Ne4 Nxe4 12. Bxe4 e5 13. Bc2 Nf6 14.
Bg5 h6 15. Be3 Bd7 16. Bb3 Be6 17. Bxe6 Rxe6 18. Qb3 Qc7 19. Rad1 b6 20. dxe5
dxe5 21. Qa4 Rae8 22. Rd2 Qc6 23. Qxc6 Rxc6 24. Red1 Re7 25. Rd6 Rcc7 26. Bxh6
Ne8 27. Bxg7 Nxd6 28. Bxe5 Rcd7 29. Rxd6 Rxd6 30. Bxd6 Rd7 31. Bf4 Rd1+ 32. Kh2
Rb1 33. b3 Rb2 34. Be3 Rxa2 35. g4 Ra3 36. Nd2 b5 37. c4 bxc4 38. bxc4 a5 39.
c5 a4 40. Ne4 f5 41. gxf5 gxf5 42. Nd6 Rc3 43. Nb5 Rc4 44. Nd6 Rc3 45. Bd4 Rc2
46. Nb5 Rc4 47. Be3 f4 48. Bd4 a3 49. c6 a2 50. c7 Kf8 51. Ba1 Ke7 52. Nc3 Kd7
53. Nxa2 Ra4 54. Be5 Rxa2 55. Kg2 Rc2 56. Bxf4 Ke6 57. Kg3 Kf5 58. h4 Rc3+ 59.
f3 Kg6 60. Kg4 Rc5 61. h5+ Kf6 62. Bd6 Rc1 63. f4 Rc4 64. Be5+ Kf7 65. Kf5 Rc6
66. h6 Kg8 67. Ke4 Kh7 68. Kd5 Rc1 69. Kd6 Kxh6 70. Kd7  1-0

[Event "Niederoesterreichische Landesliga 2014/2015"]
[Site "NOE"]
[Date "2015.03.15"]
[Round "10"]
[Board "3"]
[White "Vrana, Frantisek"]
[Black "Popelka, Oldrich"]
[Result "1-0"]
[WhiteElo "2249"]
[BlackElo "2080"]
[PlyCount "79"]
[EventDate "2014.10.05"]
[EventType "team"]
[EventRounds "11"]
[EventCountry "AUT"]
[WhiteTeam "SV Mistelbach"]
[BlackTeam "Litschau/Eisgarn"]

1. e4 c5 2. Nf3 e6 3. d3 Nc6 4. g3 g6 5. Bg2 Bg7 6. Nbd2 Nge7 7. h4 h5 8. O-O
O-O 9. Re1 d5 10. e5 Qc7 11. Qe2 Bd7 12. c3 b5 13. Nf1 c4 14. d4 b4 15. Ng5
bxc3 16. bxc3 Qa5 17. Bd2 Rfb8 18. g4 hxg4 19. Qxg4 Rb2 20. h5 Rxd2 21. Qf4 Rd3
22. Qxf7+ Kh8 23. h6 Rg8 24. Ne3 Qd8 25. Be4 Nf5 26. Qxg6 Qxg5+ 27. Qxg5 Bxh6
28. Qxg8+ Kxg8 29. Bxd3 Nxe3 30. Bh7+ Kxh7 31. fxe3 Kg6 32. Kf2 Kf5 33. Rh1 Bg5
34. Rag1 Nd8 35. Rh8 Nf7 36. Rf8 Ke4 37. Rg4+ Kf5 38. Rxg5+ Kxg5 39. Rxf7 Ba4
40. Rxa7  1-0

[Event "Niederoesterreichische Landesliga 2014/2015"]
[Site "NOE"]
[Date "2015.03.15"]
[Round "10"]
[Board "4"]
[White "Paulin, Manfred"]
[Black "Seget, Milan"]
[Result "1-0"]
[WhiteElo "1910"]
[BlackElo "2107"]
[PlyCount "71"]
[EventDate "2014.10.05"]
[EventType "team"]
[EventRounds "11"]
[EventCountry "AUT"]
[WhiteTeam "Litschau/Eisgarn"]
[BlackTeam "SV Mistelbach"]

1. d4 d5 2. Nf3 Nf6 3. c3 Bf5 4. Bf4 Nbd7 5. Nbd2 e6 6. e3 c5 7. Be2
Be7 8. Be5 O-O 9. Bxf6 Bxf6 10. O-O Qc7 11. Ne1 Rab8 12. f4 h6 13. Bd3 cxd4 14.
exd4 Bxd3 15. Nxd3 Qb6 16. Nf3 Rbc8 17. Qd2 Rfe8 18. Qf2 Qc7 19. Nfe5 a5 20.
Rae1 b5 21. a3 Rb8 22. Re3 g6 23. Rh3 Bg7 24. Qh4 Nf6 25. Ng4 Nxg4 26. Qxg4 Kh7
27. Rg3 h5 28. Qd1 Bh6 29. Ne5 Rg8 30. Qd3 b4 31. axb4 axb4 32. f5 exf5 33.
Rxf5 h4 34. Rg4 bxc3 35. bxc3 Rgf8 36. Rxf7+  1-0

[Event "Niederoesterreichische Landesliga 2014/2015"]
[Site "NOE"]
[Date "2015.03.15"]
[Round "10"]
[Board "1"]
[White "Rumpl, Erwin"]
[Black "Froewis, Georg"]
[Result "1-0"]
[WhiteElo "2314"]
[BlackElo "2437"]
[PlyCount "85"]
[EventDate "2014.10.05"]
[EventType "team"]
[EventRounds "11"]
[EventCountry "AUT"]
[WhiteTeam "SV Amstetten"]
[BlackTeam "SGM Voest Krems"]

1. Nf3 d5 2. c4 e6 3. g3 Nf6 4. Bg2 d4 5. O-O c5 6. d3 Nc6 7. e3 h6 8. exd4
cxd4 9. Re1 Be7 10. a3 a5 11. Ne5 Nxe5 12. Rxe5 O-O 13. Nd2 Bd6 14. Re1 e5 15.
Ne4 Nxe4 16. Bxe4 Qc7 17. Bd2 Qb6 18. b4 Qd8 19. bxa5 Bc7 20. Qb3 Bxa5 21. Bxa5
Qxa5 22. Reb1 Qc7 23. Qb6 Qe7 24. a4 f5 25. Bxb7 Bxb7 26. Qxb7 Qg5 27. Qd5+ Kh8
28. Qxe5 Rae8 29. Qf4 Qh5 30. Rb7 Re6 31. Kg2 Rg6 32. h3 Qe2 33. Qf3 Qe6 34.
Rab1 f4 35. Rb8 Rgf6 36. Rxf8+ Rxf8 37. Rb5 Qe1 38. Rd5 Qa1 39. Ra5 Rf6 40.
Ra8+ Kh7 41. Qe4+ Rg6 42. Ra6 f3+ 43. Kh2  1-0

[Event "Niederoesterreichische Landesliga 2014/2015"]
[Site "NOE"]
[Date "2015.03.15"]
[Round "10"]
[Board "2"]
[White "Kleiser, Gregor"]
[Black "Sandhoefner, Florian"]
[Result "0-1"]
[WhiteElo "2300"]
[BlackElo "2278"]
[PlyCount "132"]
[EventDate "2014.10.05"]
[EventType "team"]
[EventRounds "11"]
[EventCountry "AUT"]
[WhiteTeam "SGM Voest Krems"]
[BlackTeam "SV Amstetten"]

1. Nf3 d5 2. g3 Nf6 3. Bg2 Bf5 4. c4 e6 5. Qb3 Qc8 6. Nc3 c6 7. Nh4 Bg6 8. d4
Bd6 9. Bg5 Nbd7 10. Rc1 Qb8 11. O-O O-O 12. Rfe1 Bh5 13. e4 dxe4 14. Nxe4 Nxe4
15. Bxe4 h6 16. Bd2 Nf6 17. Bb1 c5 18. Bc3 cxd4 19. Bxd4 e5 20. Bc3 Bg4 21. c5
Bc7 22. Qc2 Re8 23. f3 Bd7 24. Rcd1 Bc6 25. f4 b6 26. Qf5 Qc8 27. fxe5 Qxf5 28.
Nxf5 Nd5 29. cxb6 Bxb6+ 30. Bd4 Bxd4+ 31. Rxd4 Rab8 32. b3 Rb4 33. a3 Rxd4 34.
Nxd4 Ba8 35. b4 Rc8 36. Be4 Kf8 37. Kf2 Rc4 38. Nb5 Nxb4 39. axb4 Bxe4 40. Nd6
Rc2+ 41. Re2 Rxe2+ 42. Kxe2 Bd5 43. Ke3 g6 44. Kd4 Bg2 45. b5 Bh3 46. Kc5 Ke7
47. Nb7 Bg2 48. Na5 Kd7 49. Nc4 Bh3 50. Nd6 Be6 51. Ne4 Bh3 52. Nc3 Bg2 53. Ne2
Bf3 54. Nf4 g5 55. Nd3 Ke6 56. h4 Be4 57. Nb4 Kxe5 58. hxg5 hxg5 59. g4 f6 60.
Na6 f5 61. gxf5 Bxf5 62. Nb4 g4 63. Nc6+ Ke4 64. Nd4 g3 65. Ne2 g2 66. Ng1 Ke3
 0-1

[Event "Niederoesterreichische Landesliga 2014/2015"]
[Site "NOE"]
[Date "2015.03.15"]
[Round "10"]
[Board "3"]
[White "Wadsack, Wolfgang"]
[Black "Woeber, Friedrich"]
[Result "1-0"]
[WhiteElo "2141"]
[BlackElo "2165"]
[PlyCount "115"]
[EventDate "2014.10.05"]
[EventType "team"]
[EventRounds "11"]
[EventCountry "AUT"]
[WhiteTeam "SV Amstetten"]
[BlackTeam "SGM Voest Krems"]

1. e4 e5 2. Nc3 Nf6 3. Nf3 Nc6 4. d4 exd4 5. Nxd4 Bb4 6. Nxc6 bxc6 7. Bd3 d5 8.
exd5 cxd5 9. O-O O-O 10. Bg5 c6 11. Qf3 h6 12. Bxf6 Qxf6 13. Qxf6 gxf6 14. Ne2
Bd6 15. Ng3 Rb8 16. b3 Re8 17. c4 a5 18. cxd5 cxd5 19. Rac1 Bd7 20. Nh5 Be5 21.
Rc5 Bg4 22. Ng3 Ra8 23. Rxd5 a4 24. bxa4 Be6 25. Rc5 Bxa2 26. Bb5 Red8 27. Nf5
Be6 28. Ne7+ Kf8 29. Nc6 Rdc8 30. Rfc1 Bf4 31. Rb1 Bd7 32. g3 Bd6 33. Rd5 Bxc6
34. Rxd6 Be4 35. Re1 Bc2 36. Rxf6 Bxa4 37. Bxa4 Rxa4 38. Rxh6 Kg7 39. Rh5 Kg6
40. Rb5 Rc6 41. Reb1 f6 42. Rb6 Rc2 43. R1b3 Rac4 44. Kg2 R4c3 45. h3 Rc4 46.
h4 Rc6 47. R6b4 f5 48. Rb8 Rc8 49. Rxc8 Rxc8 50. Rb6+ Kg7 51. h5 Rh8 52. h6+
Kf7 53. Kf3 Ra8 54. Kf4 Ra2 55. Kg5 Rxf2 56. Rb7+ Ke6 57. Rb6+ Kf7 58. h7  1-0

[Event "Niederoesterreichische Landesliga 2014/2015"]
[Site "NOE"]
[Date "2015.03.15"]
[Round "10"]
[Board "4"]
[White "Winiwarter, Felix"]
[Black "Rechberger, Franz"]
[Result "0-1"]
[WhiteElo "2162"]
[BlackElo "2059"]
[PlyCount "78"]
[EventDate "2014.10.05"]
[EventType "team"]
[EventRounds "11"]
[EventCountry "AUT"]
[WhiteTeam "SGM Voest Krems"]
[BlackTeam "SV Amstetten"]

1. e4 e6 2. d4 d5 3. Nc3 Bb4 4. e5 c5 5. a3 Bxc3+ 6. bxc3 Qa5 7. Bd2 Qa4 8. Nf3
Nc6 9. Bd3 b6 10. O-O Ba6 11. Be3 Bxd3 12. Qxd3 c4 13. Qe2 h6 14. Ne1 Nge7 15.
f4 O-O-O 16. Nf3 Rde8 17. Kh1 f5 18. exf6 gxf6 19. Bf2 Nf5 20. Nh4 Nd6 21. f5
exf5 22. Qf3 Ne7 23. Bg3 Ne4 24. Nxf5 Nxf5 25. Qxf5+ Qd7 26. Bh4 Rhf8 27. Rae1
Qxf5 28. Rxf5 Nxc3 29. Kg1 Rxe1+ 30. Bxe1 Ne2+ 31. Kf2 Nxd4 32. Rxd5 Nxc2 33.
Bc3 Re8 34. a4 Kc7 35. Bxf6 Kc6 36. Rh5 Ne3 37. Kf3 Nd5 38. Bd4 Rf8+ 39. Ke2
Nf4+  0-1

[Event "Niederoesterreichische Landesliga 2014/2015"]
[Site "NOE"]
[Date "2015.03.15"]
[Round "10"]
[Board "1"]
[White "Buchnicek, Petr"]
[Black "Groetz, Harald"]
[Result "0-1"]
[WhiteElo "2316"]
[BlackElo "2312"]
[PlyCount "72"]
[EventDate "2014.10.05"]
[EventType "team"]
[EventRounds "11"]
[EventCountry "AUT"]
[WhiteTeam "SK Zwettl 2"]
[BlackTeam "SV Stockerau 2"]

1. e4 c5 2. c3 d5 3. exd5 Qxd5 4. d4 Nf6 5. Nf3 e6 6. Bd3 Nc6 7. O-O cxd4 8.
cxd4 Be7 9. Nc3 Qd6 10. a3 O-O 11. Bc2 b6 12. Qd3 Bb7 13. Bg5 g6 14. Rad1 Rac8
15. Rfe1 Rfd8 16. Bb1 Nd5 17. Ne4 Qc7 18. Ba2 Nf4 19. Qe3 Nd5 20. Bxd5 Rxd5 21.
Bxe7 Qxe7 22. Nc3 Rd7 23. Ne5 Nxe5 24. dxe5 Rcd8 25. Rxd7 Qxd7 26. h4 Qc6 27.
f3 Qc4 28. h5 Rd3 29. Qg5 Qd4+ 30. Kh2 Bxf3 31. h6 Rd2 32. Rg1 Bc6 33. Qf6 Kf8
34. Na2 Rf2 35. Qh8+ Ke7 36. Kh3 Qe3+  0-1

[Event "Niederoesterreichische Landesliga 2014/2015"]
[Site "NOE"]
[Date "2015.03.15"]
[Round "10"]
[Board "2"]
[White "Gajic, Zoran"]
[Black "Zwettler, Martin"]
[Result "0-1"]
[WhiteElo "2106"]
[BlackElo "2206"]
[PlyCount "120"]
[EventDate "2014.10.05"]
[EventType "team"]
[EventRounds "11"]
[EventCountry "AUT"]
[WhiteTeam "SV Stockerau 2"]
[BlackTeam "SK Zwettl 2"]

1. e4 c5 2. Nf3 g6 3. d4 cxd4 4. Nxd4 Nc6 5. Be3 Nf6 6. Nc3 Bg7 7. Be2 O-O 8.
O-O d5 9. exd5 Nxd5 10. Nxd5 Qxd5 11. Bf3 Qa5 12. Nb3 Qc7 13. c3 Bf5 14. Qe2
Ne5 15. Bf4 Nxf3+ 16. Qxf3 e5 17. Bg5 h6 18. Bh4 a5 19. Rac1 Qc4 20. Be7 Rfe8
21. Ba3 b5 22. Nd2 Qa4 23. Nb3 Qc4 24. h3 h5 25. Nd2 Qd3 26. Qxd3 Bxd3 27. Rfe1
Bh6 28. Ra1 Bxd2 29. Red1 Bxc3 30. bxc3 e4 31. Bc5 Rec8 32. Bd4 Rc4 33. a3 Rac8
34. Bf6 R8c6 35. Bd4 Kf8 36. f3 f5 37. Bh8 Kf7 38. f4 Ke6 39. h4 Ra4 40. Kf2
Kd5 41. Ke3 Kc4 42. Be5 Kb3 43. g3 Ra6 44. Rxd3 exd3 45. Kxd3 Rxa3 46. Rb1+ Ka4
47. Kd4 Rc6 48. Rc1 b4 49. c4 Rxg3 50. Kd5 Rc8 51. Rd1 Kb3 52. Rb1+ Kc2 53.
Rb2+ Kc1 54. c5 Rd3+ 55. Kc4 Rd2 56. Rxd2 Kxd2 57. Kb5 b3 58. c6 Rxc6 59. Kxc6
a4 60. Bb2 Kc2  0-1

[Event "Niederoesterreichische Landesliga 2014/2015"]
[Site "NOE"]
[Date "2015.03.15"]
[Round "10"]
[Board "3"]
[White "Lipp, Alfred"]
[Black "Schirmbeck, Hannes"]
[Result "0-1"]
[WhiteElo "2119"]
[BlackElo "2145"]
[PlyCount "130"]
[EventDate "2014.10.05"]
[EventType "team"]
[EventRounds "11"]
[EventCountry "AUT"]
[WhiteTeam "SK Zwettl 2"]
[BlackTeam "SV Stockerau 2"]

1. d4 Nf6 2. c4 g6 3. Nc3 Bg7 4. e4 d6 5. Nf3 O-O 6. Be2 e5 7. O-O Nc6 8. d5
Ne7 9. Ne1 Ne8 10. Be3 f5 11. f3 Nf6 12. c5 f4 13. Bf2 g5 14. Rc1 Kh8 15. Nc2
Rg8 16. Na3 Bf8 17. cxd6 cxd6 18. Nc4 g4 19. Bh4 Ng6 20. Bxf6+ Qxf6 21. fxg4
Nh4 22. Rf2 h5 23. h3 Bd7 24. a4 Rc8 25. Nb5 hxg4 26. Bxg4 Bxg4 27. hxg4 a6 28.
Nba3 Rc7 29. Ne3 Rcg7 30. Rc8 Qh6 31. Kf1 Be7 32. Rxg8+ Rxg8 33. Nec4 Ng6 34.
Qf3 Kg7 35. Ke2 Nh4 36. Qb3 Qg6 37. Qxb7 Qxe4+ 38. Kd1 Kf6 39. Qxa6 Nxg2 40.
Re2 Ne3+ 41. Nxe3 fxe3 42. Qc4 Qf3 43. Qd3 Rxg4 44. Qxe3 Rd4+ 45. Kc2 Qxe3 46.
Rxe3 Rxa4 47. Nb5 Kf5 48. Ra3 Rxa3 49. bxa3 Ke4 50. Nc3+ Kd4 51. Kb3 Bh4 52. a4
Bd8 53. Kb4 e4 54. Ne2+ Kxd5 55. Kb5 e3 56. a5 Bxa5 57. Kxa5 Kc4 58. Ka4 d5 59.
Ka3 Kd3 60. Nf4+ Ke4 61. Ne2 d4 62. Kb3 d3 63. Nc3+ Kf3 64. Nb1 e2 65. Nd2+ Kg2
 0-1

[Event "Niederoesterreichische Landesliga 2014/2015"]
[Site "NOE"]
[Date "2015.03.15"]
[Round "10"]
[Board "4"]
[White "Amberger, Dieter"]
[Black "Fiala, Vaclav"]
[Result "0-1"]
[WhiteElo "2086"]
[BlackElo "2181"]
[PlyCount "42"]
[EventDate "2014.10.05"]
[EventType "team"]
[EventRounds "11"]
[EventCountry "AUT"]
[WhiteTeam "SV Stockerau 2"]
[BlackTeam "SK Zwettl 2"]

1. d4 d5 2. c4 e6 3. Nc3 c5 4. cxd5 cxd4 5. Qxd4 Nc6 6. Qd1 exd5 7. Qxd5 Bd7 8.
Nf3 Nf6 9. Qd1 Bc5 10. e3 Qe7 11. Bb5 O-O-O 12. O-O Bg4 13. Qa4 Bxf3 14. gxf3
Ne5 15. Be2 g5 16. b4 Bb6 17. Nb5 Kb8 18. e4 a6 19. Nc3 Bc7 20. b5 Nxf3+ 21.
Kg2 Qe5  0-1

[Event "Niederoesterreichische Landesliga 2014/2015"]
[Site "NOE"]
[Date "2015.03.15"]
[Round "10"]
[Board "1"]
[White "Plachetka, Jan"]
[Black "Hellmayr, Alois"]
[Result "1-0"]
[WhiteElo "2362"]
[BlackElo "2205"]
[PlyCount "73"]
[EventDate "2014.10.05"]
[EventType "team"]
[EventRounds "11"]
[EventCountry "AUT"]
[WhiteTeam "Sparkasse Bad Voeslau/Kottingbrunn"]
[BlackTeam "KSV Boehlerwerk"]

1. c4 c5 2. Nf3 Nc6 3. g3 e5 4. Nc3 g6 5. Bg2 Bg7 6. a3 a5 7. O-O Nge7 8. Rb1
O-O 9. Ne1 d6 10. Nc2 Be6 11. Ne3 Rb8 12. d3 f5 13. Ned5 Kh8 14. Bd2 h6 15. Nb5
Bg8 16. Qa4 b6 17. b4 axb4 18. axb4 Nxd5 19. cxd5 Ne7 20. e4 Ra8 21. Qc2 f4 22.
Bh3 g5 23. Ra1 Rf6 24. Rxa8 Qxa8 25. Nc7 Qd8 26. Ne6 Qe8 27. gxf4 exf4 28. Nxg7
Kxg7 29. Bc3 Qh5 30. Bxf6+ Kxf6 31. Qb2+ Kg6 32. Bd7 f3 33. bxc5 bxc5 34. Qb6
Kg7 35. Qxd6 Ng6 36. Ra1 g4 37. Be8  1-0

[Event "Niederoesterreichische Landesliga 2014/2015"]
[Site "NOE"]
[Date "2015.03.15"]
[Round "10"]
[Board "2"]
[White "Heimberger, Reinhard"]
[Black "Theissl-Pokorna, Regina"]
[Result "1/2-1/2"]
[WhiteElo "2266"]
[BlackElo "2362"]
[PlyCount "39"]
[EventDate "2014.10.05"]
[EventType "team"]
[EventRounds "11"]
[EventCountry "AUT"]
[WhiteTeam "KSV Boehlerwerk"]
[BlackTeam "Sparkasse Bad Voeslau/Kottingbrunn"]

1. d4 Nf6 2. g3 e6 3. Bg2 c5 4. Nf3 d5 5. O-O Nc6 6. b3 Be7 7. Bb2 O-O 8. Nbd2
Ne4 9. Nxe4 dxe4 10. Ne5 Nxd4 11. e3 Nf5 12. Bxe4 Nd6 13. Bd3 f6 14. Qh5 Nf5
15. g4 fxe5 16. gxf5 exf5 17. Bc4+ Kh8 18. Bxe5 Qb6 19. Rad1 Be6 20. Bd5
 1/2-1/2

[Event "Niederoesterreichische Landesliga 2014/2015"]
[Site "NOE"]
[Date "2015.03.15"]
[Round "10"]
[Board "3"]
[White "Juhasz, Kristof"]
[Black "Kranzl, Peter"]
[Result "1-0"]
[WhiteElo "2356"]
[BlackElo "2225"]
[PlyCount "87"]
[EventDate "2014.10.05"]
[EventType "team"]
[EventRounds "11"]
[EventCountry "AUT"]
[WhiteTeam "Sparkasse Bad Voeslau/Kottingbrunn"]
[BlackTeam "KSV Boehlerwerk"]

1. Nf3 Nf6 2. g3 g6 3. b3 Bg7 4. Bb2 b6 5. Bg2 Bb7 6. O-O O-O 7. c4 c5 8. Nc3
Nc6 9. d4 Nxd4 10. Nxd4 Bxg2 11. Kxg2 cxd4 12. Qxd4 d6 13. e4 Qd7 14. Rfd1 Rac8
15. Rd2 Rc5 16. Qd3 Rh5 17. Kg1 Rc8 18. f3 Qb7 19. Rad1 Rhc5 20. Kg2 h5 21. a4
a6 22. Re2 R5c7 23. Qb1 Rc5 24. Qa1 Ne8 25. Qa2 Nf6 26. Rde1 Ne8 27. Qb1 R5c6
28. Qd3 Rc5 29. Kg1 Nf6 30. f4 Kh7 31. Qd2 R5c7 32. Ba1 Qa7 33. Kf1 Qb7 34. Qd3
Rc5 35. Nd5 Nxd5 36. exd5 e6 37. Bxg7 Kxg7 38. dxe6 Qh1+ 39. Kf2 Qxh2+ 40. Kf3
Qh3 41. exf7 h4 42. Qd4+ Kh7 43. Re8 Qxg3+ 44. Ke2  1-0

[Event "Niederoesterreichische Landesliga 2014/2015"]
[Site "NOE"]
[Date "2015.03.15"]
[Round "10"]
[Board "4"]
[White "Danner, Lambert"]
[Black "Lechner, Daniel"]
[Result "0-1"]
[WhiteElo "2115"]
[BlackElo "2211"]
[PlyCount "66"]
[EventDate "2014.10.05"]
[EventType "team"]
[EventRounds "11"]
[EventCountry "AUT"]
[WhiteTeam "KSV Boehlerwerk"]
[BlackTeam "Sparkasse Bad Voeslau/Kottingbrunn"]

1. g3 d5 2. c4 c6 3. Nf3 g6 4. Bg2 Bg7 5. O-O Nf6 6. d4 O-O 7. Qb3 dxc4 8. Qxc4
Bf5 9. Nc3 Nbd7 10. Bf4 Rc8 11. b4 Nb6 12. Qb3 Ne4 13. Nxe4 Bxe4 14. Rad1 Qd5
15. Qc3 e6 16. a3 Rfd8 17. Qa1 Nc4 18. Qc1 b5 19. Ne1 Bxg2 20. Nxg2 Qh5 21. Bg5
Rxd4 22. Rxd4 Bxd4 23. Qf4 Be5 24. Qc1 Bb2 25. Qf4 Be5 26. Qc1 Qxe2 27. Re1 Qf3
28. Ne3 Bd4 29. Qc2 Qh5 30. Nxc4 Qxg5 31. Nd6 Rd8 32. Qxc6 Qd2 33. Rf1 Rxd6  0-1

[Event "Niederoesterreichische Landesliga 2014/2015"]
[Site "NOE"]
[Date "2015.03.22"]
[Round "11"]
[Board "1"]
[White "Kranzl, Peter"]
[Black "Zwettler, Martin"]
[Result "1/2-1/2"]
[WhiteElo "2225"]
[BlackElo "2206"]
[PlyCount "62"]
[EventDate "2014.10.05"]
[EventType "team"]
[EventRounds "11"]
[EventCountry "AUT"]
[WhiteTeam "KSV Boehlerwerk"]
[BlackTeam "SK Zwettl 2"]

1. e4 g6 2. d4 Bg7 3. Nc3 c5 4. dxc5 Bxc3+ 5. bxc3 Qa5 6. Bd3 Qxc3+ 7. Bd2 Qxc5
8. Ne2 Nf6 9. Rb1 d6 10. Rb5 Qc7 11. Bh6 Ng4 12. Bg7 Rg8 13. Bc3 Nd7 14. Qd2 b6
15. h3 Ngf6 16. O-O Bb7 17. Rb4 g5 18. Rc4 Qd8 19. Ng3 Rc8 20. Re1 Rxc4 21.
Bxc4 Qa8 22. f3 Qc8 23. Bb3 Ne5 24. Nf5 Nfd7 25. Rd1 Rg6 26. Ba1 Kf8 27. Kh1
Ba6 28. Ne3 Bb7 29. Nf5 Ba6 30. Ne3 Bb7 31. Nf5 Ba6  1/2-1/2

[Event "Niederoesterreichische Landesliga 2014/2015"]
[Site "NOE"]
[Date "2015.03.22"]
[Round "11"]
[Board "2"]
[White "Lipp, Alfred"]
[Black "Hellmayr, Alois"]
[Result "0-1"]
[WhiteElo "2119"]
[BlackElo "2205"]
[PlyCount "80"]
[EventDate "2014.10.05"]
[EventType "team"]
[EventRounds "11"]
[EventCountry "AUT"]
[WhiteTeam "SK Zwettl 2"]
[BlackTeam "KSV Boehlerwerk"]

1. d4 Nf6 2. c4 e6 3. Nc3 Bb4 4. e3 O-O 5. Bd3 c5 6. Nf3 Nc6 7. O-O Bxc3 8.
bxc3 d6 9. Nd2 e5 10. Nb3 e4 11. Be2 b6 12. a4 Bd7 13. Ba3 Re8 14. a5 Qc7 15.
axb6 axb6 16. Qc2 Na5 17. Nxa5 Rxa5 18. Bb2 Rea8 19. Rxa5 bxa5 20. Ba3 Rb8 21.
Rb1 Rxb1+ 22. Qxb1 h5 23. f3 Bf5 24. Qb5 Bd7 25. Qa6 Kh7 26. fxe4 Nxe4 27. Bxh5
Qb8 28. h3 Qb1+ 29. Kh2 Qe1 30. Bf3 Qg3+ 31. Kg1 Qf2+ 32. Kh2 Qg3+ 33. Kg1 Nd2
34. Bd5 Bxh3 35. dxc5 Qxe3+ 36. Kh1 Qe1+ 37. Kh2 Nf1+ 38. Kg1 Ng3+ 39. Kh2 Ne2
40. Qxd6 Bf5  0-1

[Event "Niederoesterreichische Landesliga 2014/2015"]
[Site "NOE"]
[Date "2015.03.22"]
[Round "11"]
[Board "3"]
[White "Danner, Lambert"]
[Black "Fiala, Vaclav"]
[Result "0-1"]
[WhiteElo "2115"]
[BlackElo "2181"]
[PlyCount "92"]
[EventDate "2014.10.05"]
[EventType "team"]
[EventRounds "11"]
[EventCountry "AUT"]
[WhiteTeam "KSV Boehlerwerk"]
[BlackTeam "SK Zwettl 2"]

1. g3 c5 2. c4 g6 3. Nf3 Bg7 4. Bg2 Nc6 5. Nc3 d6 6. O-O e6 7. Rb1 Nge7 8. a3
d5 9. cxd5 exd5 10. d3 O-O 11. Qc2 Be6 12. Bd2 Re8 13. Rfc1 c4 14. e4 cxd3 15.
Qxd3 dxe4 16. Qxd8 Rexd8 17. Nxe4 Bd5 18. Re1 f5 19. Neg5 h6 20. Ne6 Bxf3 21.
Nxd8 Rxd8 22. Bb4 Bxg2 23. Bxe7 Nxe7 24. Kxg2 Kf7 25. Re2 Rd3 26. b3 Nd5 27.
Rc2 f4 28. gxf4 Nxf4+ 29. Kf1 Bd4 30. Ke1 Kf6 31. Rc4 b5 32. Rc8 Rf3 33. Rc2
Kf5 34. a4 Ke4 35. axb5 Nd3+ 36. Kf1 Bxf2 37. Ra2 h5 38. Kg2 Bd4 39. Re2+ Be3
40. Ra2 Nf4+ 41. Kh1 h4 42. Rd1 Nd3 43. Ra4+ Bd4 44. Rd2 Rf1+ 45. Kg2 Rg1+ 46.
Kh3 Nf4+  0-1

[Event "Niederoesterreichische Landesliga 2014/2015"]
[Site "NOE"]
[Date "2015.03.22"]
[Round "11"]
[Board "4"]
[White "Pakosta, Miroslav"]
[Black "Brandstaetter, Friedrich"]
[Result "0-1"]
[WhiteElo "2094"]
[BlackElo "2101"]
[PlyCount "140"]
[EventDate "2014.10.05"]
[EventType "team"]
[EventRounds "11"]
[EventCountry "AUT"]
[WhiteTeam "SK Zwettl 2"]
[BlackTeam "KSV Boehlerwerk"]

1. e4 c5 2. c3 d5 3. exd5 Qxd5 4. d4 e6 5. Nf3 Nf6 6. Bd3 Nc6 7. O-O Be7 8. Na3
O-O 9. Nb5 Qd8 10. dxc5 Bxc5 11. b4 Be7 12. Nbd4 Qc7 13. Bb2 Nxd4 14. Nxd4 b6
15. Qf3 Bb7 16. Qh3 Rad8 17. Rfe1 Rd7 18. Rad1 Rfd8 19. a3 h6 20. Nb5 Qb8 21.
c4 Ba8 22. Bc2 Rd2 23. Rc1 a6 24. Be5 Qc8 25. Nc7 Bb7 26. Bf4 Rxc2 27. Rxc2 Bd6
28. Bxh6 Qxc7 29. Bg5 Be7 30. Rc3 Qe5 31. Qe3 Qc7 32. f3 a5 33. Bf4 Qc6 34. b5
Qc8 35. Qc1 Bc5+ 36. Be3 Rd6 37. Kf1 Bxe3 38. Qxe3 Nd7 39. Qf4 Qc5 40. Qh4 Qd4
41. Qxd4 Rxd4 42. Ke2 Nc5 43. Ke3 e5 44. Re2 f6 45. Rd2 Rxd2 46. Kxd2 Kf7 47.
Ke3 Ke6 48. g4 g5 49. Ke2 Kd6 50. f4 exf4 51. Rh3 Bc8 52. Kf3 Be6 53. Rh6 Ke5
54. h4 Bxc4 55. hxg5 Bd5+ 56. Ke2 fxg5 57. Rxb6 Ne4 58. Rb8 Kd4 59. a4 Nc3+ 60.
Kf2 Nxa4 61. b6 Nc5 62. Rc8 a4 63. Rc7 a3 64. Ra7 a2 65. Ra3 Ne4+ 66. Ke2 Nc3+
67. Kf2 Kd3 68. Ra5 Kc2 69. Rxd5 a1=Q 70. b7 Qa7+  0-1

[Event "Niederoesterreichische Landesliga 2014/2015"]
[Site "NOE"]
[Date "2015.03.22"]
[Round "11"]
[Board "1"]
[White "Groetz, Harald"]
[Black "Rumpl, Erwin"]
[Result "1/2-1/2"]
[WhiteElo "2312"]
[BlackElo "2314"]
[PlyCount "112"]
[EventDate "2014.10.05"]
[EventType "team"]
[EventRounds "11"]
[EventCountry "AUT"]
[WhiteTeam "SV Stockerau 2"]
[BlackTeam "SV Amstetten"]

1. Nf3 g6 2. e4 c6 3. d4 d5 4. Nc3 dxe4 5. Nxe4 Nd7 6. Bc4 Ngf6 7. Nfg5 Nd5 8.
Qf3 N7f6 9. Nxf6+ exf6 10. Qe2+ Be7 11. Nf3 O-O 12. O-O Re8 13. Re1 Bd7 14. c3
Bd6 15. Qc2 Rxe1+ 16. Nxe1 Qc7 17. g3 Re8 18. Ng2 Bf5 19. Bd3 Bxd3 20. Qxd3 f5
21. c4 Nf6 22. f3 Nh5 23. Bd2 Qd7 24. Re1 Rxe1+ 25. Bxe1 f4 26. g4 Ng7 27. Bc3
g5 28. d5 Bc5+ 29. Kf1 cxd5 30. cxd5 Ne8 31. h4 h6 32. b4 Be7 33. hxg5 hxg5 34.
Ne1 a6 35. Bb2 Qb5 36. Qxb5 axb5 37. Nd3 Nc7 38. a3 Nxd5 39. Bd4 f6 40. Ke2 Kf7
41. Kd2 Ke6 42. Nf2 f5 43. Kd3 fxg4 44. Nxg4 Nf6 45. Nf2 Kd5 46. Bxf6 Bxf6 47.
Ne4 Bb2 48. Nxg5 Bxa3 49. Kc3 Bc1 50. Ne4 Be3 51. Kd3 Ba7 52. Nc3+ Kc6 53. Ne2
Bb8 54. Nd4+ Kd5 55. Nxb5 Be5 56. Na3 Bd6  1/2-1/2

[Event "Niederoesterreichische Landesliga 2014/2015"]
[Site "NOE"]
[Date "2015.03.22"]
[Round "11"]
[Board "2"]
[White "Sandhoefner, Florian"]
[Black "Gajic, Zoran"]
[Result "1-0"]
[WhiteElo "2278"]
[BlackElo "2106"]
[PlyCount "113"]
[EventDate "2014.10.05"]
[EventType "team"]
[EventRounds "11"]
[EventCountry "AUT"]
[WhiteTeam "SV Amstetten"]
[BlackTeam "SV Stockerau 2"]

1. e4 c5 2. Nf3 g6 3. d4 cxd4 4. Nxd4 Nc6 5. c4 Bg7 6. Be3 Nf6 7. Nc3 d6 8. Be2
O-O 9. O-O Bd7 10. Rc1 Rc8 11. Qd2 Ne5 12. b3 Neg4 13. Bg5 h6 14. Bh4 Kh7 15.
h3 Ne5 16. f4 Nc6 17. Bf2 Nxd4 18. Bxd4 Bc6 19. f5 e5 20. fxe6 fxe6 21. Bf3 Ne8
22. Bxa7 b6 23. Qe3 Be5 24. Bxb6 Bf4 25. Qf2 Qg5 26. h4 Qf6 27. Bd4 e5 28. Be3
Bxe3 29. Qxe3 Qxh4 30. Nd5 Ng7 31. Be2 g5 32. g3 Qh3 33. Nf6+ Rxf6 34. Rxf6 Ne6
35. Bf1 Qg4 36. Qf3 Qxf3 37. Rxf3 Bxe4 38. Bd3 Bxd3 39. Rxd3 Nd4 40. Rcd1 h5
41. Rxd4 exd4 42. Rxd4 Ra8 43. a4 Ra6 44. Rd5 Kg6 45. a5 Rc6 46. Kf2 Rc8 47. a6
Ra8 48. Rxd6+ Kf5 49. b4 Rf8 50. c5 h4 51. gxh4 gxh4 52. Kg2 Re8 53. c6 Re2+
54. Kf3 Ra2 55. c7 Ra3+ 56. Ke2 Rc3 57. a7  1-0